书目信息 |
| 题名: |
长江经济带城镇化空间效应研究
|
|
| 作者: | 李小帆, 著 | |
| 分册: | ||
| 出版信息: | 北京 经济科学出版社 2020.02 |
|
| 页数: | 214页 | |
| 开本: | 21cm | |
| 丛书名: | ||
| 单 册: | ||
| 中图分类: | F299.275 | |
| 科图分类: | ||
| 主题词: | ||
| 电子资源: | ||
| ISBN: | 978-7-5218-0509-3 | |
| 000 | 01108nam0 2200265 450 | |
| 001 | CAL 0120192908797 | |
| 005 | 20200721190313.9 | |
| 010 | @a978-7-5218-0509-3@dCNY45.00 | |
| 100 | @a20200720d2020 em y0chiy0120 ea | |
| 101 | 0 | @achi |
| 102 | @aCN@b110000 | |
| 105 | @aa a 000yy | |
| 106 | @ar | |
| 200 | 1 | @a长江经济带城镇化空间效应研究@Achang jiang jing ji dai cheng zhen hua kong jian xiao ying yan jiu@f李小帆著 |
| 210 | @a北京@c经济科学出版社@d2020.02 | |
| 215 | @a214页@c图@d21cm | |
| 300 | @a本书出版受到国家社会科学基金青年项目 “城市群发展对人口分布影响的空间机理及政策选择研究”资助 | |
| 314 | @a李小帆, 现为武汉工程大学副教授。 | |
| 320 | @a有书目 (第200-214页) | |
| 330 | @a本书分为七章, 内容包括: 绪论 ; 不同理论视角下的城镇化空间效应 ; 劳动力转移视角下的城镇化空间效应实现机理 ; 长江经济带城镇化的空间格局 ; 长江经济带城镇化空间效应评估及其核心影响因素测度等。 | |
| 607 | @a长江经济带@Achang jiang jing ji dai@x城市化@x研究 | |
| 690 | @aF299.275@v5 | |
| 701 | 0 | @a李小帆,@Ali xiao fan@f1988-@4著 |
| 801 | 0 | @aCN@b人天书店@c20200720 |
| 905 | @aTSG@b0001090@dF299.275@eL291@f2 | |
| 长江经济带城镇化空间效应研究/李小帆著.-北京:经济科学出版社,2020.02 |
| 214页:图;21cm |
| 本书出版受到国家社会科学基金青年项目 “城市群发展对人口分布影响的空间机理及政策选择研究”资助 |
| ISBN 978-7-5218-0509-3:CNY45.00 |
| 本书分为七章, 内容包括: 绪论 ; 不同理论视角下的城镇化空间效应 ; 劳动力转移视角下的城镇化空间效应实现机理 ; 长江经济带城镇化的空间格局 ; 长江经济带城镇化空间效应评估及其核心影响因素测度等。 |
| ● |
| 相关链接 |
|
|
|
正题名:长江经济带城镇化空间效应研究
索取号:F299.275/L291
 
预约/预借
| 序号 | 登录号 | 条形码 | 馆藏地/架位号 | 状态 | 备注 |
| 1 | 1537073 | 215370738 | 社科库409/409社科库 32排1列1层/ [索取号:F299.275/L291] | 在馆 | |
| 2 | 1537074 | 215370747 | 社科库409/409社科库 32排1列1层/ [索取号:F299.275/L291] | 在馆 |